Hoi peripeteies toy Ouenamoun : Eisagoge, Metafrase, Skolia /

محفوظ في:

المؤلف الرئيسي: Wen-Amon.

التنسيق: كتاب

اللغة: Greek

منشور في: Athens : Ekdoseis "Stokastes", 1992.

الوسوم: إضافة وسم

لا توجد وسوم, كن أول من يضع وسما على هذه التسجيلة!

رقم الطلب: PJ1761 .M35

LEADER 00606cam a2200205Ma 4500
001 ocn938417872
003 OCoLC
005 20240205103820.0
008 960218s1992 gr a 000 0 gre d
020 |a 9603030155 
020 |a 9789603030157 
050 4 |a PJ1761  |b .M35 
100 0 |a Wen-Amon. 
245 1 4 |a Hoi peripeteies toy Ouenamoun :  |b Eisagoge, Metafrase, Skolia /  |c Wen-Amon. 
264 1 |a Athens :  |b Ekdoseis "Stokastes",  |c 1992. 
300 |a 150 pages :  |b illustrations ;  |c 24 cm 
336 |a text  |b txt  |2 rdacontent 
337 |a unmediated  |b n  |2 rdamedia 
338 |a volume  |b nc  |2 rdacarrier 
999 |c 56624  |d 56624